Movie Alphabet O - Statistics

General Stats
  • This quiz has been taken 48 times
    33 since last reset
  • The average score is 9 of 16
Answer Stats
Picture Answer % Correct
One Hundred and One Dalmatians
92%
Oppenheimer
92%
Once Upon a Time... in Hollywood
77%
One Flew Over the Cuckoo's Nest
77%
Ocean's Eleven
73%
Octopussy
65%
Oliver!
62%
O Brother, Where Art Thou?
58%
The Omen
54%
Office Space
46%
Old Yeller
46%
On Her Majesty's Secret Service
38%
The Outsiders
38%
On the Waterfront
31%
Osmosis Jones
31%
Old School
23%
No matching quizzes found
Score Distribution
Percent of People with Each Score
Percentile by Number Answered
Your Score History
You have not taken this quiz since the last reset